| 000 | 00705nam a2200229 a 4500 | ||
|---|---|---|---|
| 999 |
_c11509 _d11509 |
||
| 001 | 11509 | ||
| 003 | BD-JhCC | ||
| 005 | 20191021085627.0 | ||
| 008 | 180405s1961 njua 000 0 eng | ||
| 035 | _a(BD-JhCC)11509 | ||
| 040 |
_aDLC/ICU _cICU _dDLC _dBD-JhCC |
||
| 050 | 0 | 0 |
_aQC21 _b.S43 1961 |
| 082 | 0 | 0 |
_a530 _bSHO 1961 |
| 100 | 1 |
_aShortley, George, _d1910- |
|
| 245 | 1 | 0 |
_aElements of physics for students of science and engineering / _c[by] George Shortley [and] Dudley Williams. |
| 250 | _a3d ed. | ||
| 260 |
_aEnglewood Cliffs, N.J., _bPrentice-Hall, _c1961. |
||
| 300 |
_a928 p. _billus. _c24 cm. |
||
| 650 | 0 | _aPhysics. | |
| 700 | 1 |
_aWilliams, Dudley, _d1912- _ejoint author. |
|
| 942 |
_2ddc _cBK |
||